Inovácie na finančných trhoch po finančnej kríze bakalárska práca

Guardado en:
Detalles Bibliográficos
Autor principal: Šišková, Tatiana
Autor Corporativo: Národohospodárska fakulta EU. Katedra bankovníctva a medzinárodných financií
Otros Autores: Slobodník, Patrik, 1992-
Formato: Libro
Lenguaje:eslovaco
Publicado: Bratislava 2018
Etiquetas: Agregar Etiqueta
Sin Etiquetas, Sea el primero en etiquetar este registro!

MARC

LEADER 00000nbm a2200000 4500
001 0245876
005 20181214130932.9
041 0 |a slo 
044 |a SK 
245 1 0 |a Inovácie na finančných trhoch po finančnej kríze  |b bakalárska práca  |c Tatiana Šišková ; školiteľ: Patrik Slobodník 
264 1 |a Bratislava  |c 2018 
300 |a 55 s. 
100 1 |a Šišková, Tatiana 
700 1 |a Slobodník, Patrik, 1992- 
710 2 |a Národohospodárska fakulta EU. Katedra bankovníctva a medzinárodných financií